| 000 | 00720nam a2200265Ia 4500 | ||
|---|---|---|---|
| 003 | OSt | ||
| 005 | 20220918221043.0 | ||
| 006 | a|||||r|||| 00| 0 | ||
| 007 | ta | ||
| 008 | 220917b |||||||| |||| 00| 0 eng d | ||
| 024 | _a148,079 | ||
| 037 | _cTextual | ||
| 040 |
_aARTS _cARTS _beng |
||
| 041 |
_2eng _aeng |
||
| 082 | _aS8:44.73, M1 | ||
| 100 |
_aJohnson David W _9138962 |
||
| 245 | 0 |
_aReaching out _b inter personal effectiveness and self actualization |
|
| 250 | _a2nd | ||
| 260 |
_aNew Jersey _bPrentice Hall _c1981 |
||
| 300 |
_axi,308p. _ccm. |
||
| 500 | _aApp 291-300p | ||
| 650 | _aPSYCHOLOGY | ||
| 942 |
_hS8:44.73, M1 _cTEXL _2CC |
||
| 999 |
_c270756 _d270756 |
||